Histoire des Lagides / (Record no. 35532)

MARC details
000 -LEADER
campo de control de longitud fija 00852nam a2200193 i 4500
001 - NÚMERO DE CONTROL
campo de control 35532
003 - IDENTIFICADOR DE NÚMERO DE CONTROL
campo de control ES-MaACL
005 - FECHA Y HORA DE LA ÚLTIMA TRANSACCIÓN
campo de control 20230906155140.0
007 - CAMPO FIJO DE DESCRIPCIÓN FÍSICA--INFORMACIÓN GENERAL
campo de control de longitud fija t|
008 - DATOS DE LONGITUD FIJA--INFORMACIÓN GENERAL
campo de control de longitud fija 030213m19031907fr ||||1| fre d
080 ## - NÚMERO DE LA CLASIFICACIÓN DECIMAL UNIVERSAL
Número de la Clasificación Decimal Universal 932"-0332/-0030"
100 1# - ENTRADA PRINCIPAL--NOMBRE DE PERSONA
Nombre de persona Bouché-Leclercq, Auguste.
9 (RLIN) 30831
245 10 - MENCIÓN DEL TÍTULO
Título Histoire des Lagides /
Mención de responsabilidad, etc. par A. Bouche-Leclercq.
260 ## - PUBLICACIÓN, DISTRIBUCIÓN, ETC.
Lugar de publicación, distribución, etc. París :
Nombre del editor, distribuidor, etc. Ernest Leroux,
Fecha de publicación, distribución, etc. 1903-07 (
Fabricante Regis Marchessou)
300 ## - DESCRIPCIÓN FÍSICA
Extensión 4 v. ;
Dimensiones 25 cm.
505 8# - NOTA DE CONTENIDO CON FORMATO
Nota de contenido con formato Contiene: T. I: Les cinq premiers Ptolémées (323-181 avant J.-C.). -- T. II: Décadence et fin de la dynastie (181-30 avant J.-C.). -- T. III: Les Institutions de l'Egypte Ptolémaique, première partie -- T. IV: Les Institutions de l'Egypte Ptolémaique, suite et fin. Addenda et index général
651 #4 - PUNTO DE ACCESO ADICIONAL DE MATERIA--NOMBRE GEOGRÁFICO
Nombre geográfico Egipto-
Subdivisión general Historia-
Subdivisión cronológica 332-30 a.C.
9 (RLIN) 147641
852 ## - LOCALIZACIÓN
Ubicación ES-MaACL
Número de control de estantería F-1417-20
Holdings
Estatus retirado Estado de pérdida Estado de daño No para préstamo Biblioteca de origen Biblioteca actual Ubicación en estantería Fecha de adquisición Fuente de adquisición Total de préstamos Signatura topográfica completa Código de barras Visto por última vez Precio de reemplazo Tipo de ítem Koha
        Biblioteca del Ateneo de Madrid Biblioteca del Ateneo de Madrid Depósito 2 17/01/2008     F-1417-20 1037190 23/02/2023 23/02/2023 Libro impreso